[Event "20th SLO-ch"]
[Site "Ljubljana SLO"]
[Date "2010.08.15"]
[Round "9"]
[White "Gjuran, Denis"]
[Black "Lenic, Luka"]
[Result "1/2-1/2"]
[WhiteElo "2351"]
[BlackElo "2602"]
[EventDate "2010.08.07"]
[PlyCount "70"]

1.e4 c6 2.d4 d5 3.f3 Qb6 4.Nc3 dxe4 5.Nxe4 Bf5 6.c3 Nd7 7.Bd3 Bg6 8.Qe2 e6
9.Be3 Qc7 10.Nh3 Ngf6 11.Bf4 Qb6 12.Nxf6+ Nxf6 13.Nf2 Be7 14.O-O O-O 15.
Bxg6 hxg6 16.Nd3 Rad8 17.Rad1 Qa6 18.a3 Nd5 19.Bg3 c5 20.Bf2 cxd4 21.Bxd4 
Bf6 22.Bc5 Rfe8 23.Qc2 Rc8 24.Bf2 Qc4 25.Rfe1 b6 26.Ne5 Qc7 27.Ng4 Be7 28.
Ne3 Nf6 29.Qe2 Bd6 30.h3 Nh5 31.Rd2 Nf4 32.Qb5 Qe7 33.Ng4 Bc5 34.Bxc5 Rxc5
35.Qd7 Rd5 1/2-1/2